Guess the 500 Kpop Idols from their Groups - Statistics

General Stats
  • This quiz has been taken 1,498 times
  • The average score is 221 of 500
Answer Stats
Hint Answer % Correct
StayC J
98%
&TEAM K
97%
VIXX N
96%
Stray Kids Felix
95%
Stray Kids Han
95%
Stray Kids IN
95%
SEVENTEEN Jun
95%
Stray Kids BangChan
94%
IKON Chan
94%
EXO Chen
94%
BTS V
94%
NEXZ Yu
94%
&TEAM Jo
92%
TR.IBE Soeun
92%
Stray Kids Changbin
91%
Loossemble (Ex LOONA) | Stray Kids Hyunjin
91%
BTS Jin
91%
BTS JungKook
91%
ATEEZ San
91%
BLACKPINK Jennie
90%
BLACKPINK Jisoo
90%
Aespa Karina
90%
BLACKPINK Lisa
90%
BTS Rm
90%
Aespa Winter
90%
BTS Jimin
89%
Stray Kids Lee Know
89%
Aespa NingNing
89%
BLACKPINK Rose
89%
EVERGLOW E:U
88%
Aespa Giselle
88%
Stray Kids Seungmin
88%
BTS Suga
88%
BTS J-Hope
87%
TxT Soobin
86%
Enhypen | IKON Jay
85%
EXO Kai
85%
TxT Beomgyu
84%
TWICE Momo
84%
Enhypen Niki
84%
TxT Taehyun
84%
TxT Yeonjun
84%
TxT Huening Kai
83%
Enhypen Jake
83%
TWICE Nayeon
83%
TWICE Sana
83%
ITZY Yeji
83%
ITZY Yuna
83%
IZ*ONE | Le Sserafim Sakura
82%
IVE | IZ*ONE Wonyoung
82%
TripleS, Glow ChaeWon
81%
IZ*ONE | Le Sserafim Chaewon
81%
Red Velvet Irene
81%
NewJeans Danielle
80%
Big Bang G-Dragon
80%
TWICE Jihyo
80%
ITZY Lia
80%
TWICE Mina
80%
BOYNEXTDOOR Sungho
80%
Enhypen Heeseung
79%
GOT7 | NCT 127, Dream Mark
79%
ITZY Ryujin
79%
Enhypen Sunghoon
79%
Enhypen Sunoo
79%
TWICE Tzuyu
79%
Le Sserafim Yunjin
79%
TWICE | TripleS, LOVElution, Aria Dahyun
78%
NewJeans Hanni
78%
Red Velvet Joy
78%
Fromis_9 | TWICE Chaeyoung
77%
Enhypen Jungwon
77%
Le Sserafim Kazuha
77%
NMIXX Lily
77%
(G)I-DLE Minnie
77%
Red Velvet Seulgi
77%
(G)I-DLE Soyeon
77%
Red Velvet Wendy
77%
IVE | IZ*ONE | ZeroBaseOne Yujin
77%
NMIXX Bae
76%
EXO DO
76%
Le Sserafim Eunchae
76%
(G)I-DLE Yuqi
76%
SEVENTEEN Dino
75%
SEVENTEEN Hoshi
75%
EVNNE Jeonghyeon
75%
SEVENTEEN S.Coups
75%
ITZY Chaeryeong
74%
SEVENTEEN Dk
74%
IKON DK
74%
TWICE Jeongyeon
74%
NewJeans Minji
74%
SEVENTEEN Vernon
74%
SEVENTEEN Woozi
74%
(G)I-DLE Shuhua
73%
TripleS, +(KR)ystal Eyes,ACID EYES, EVOlution, Aria JiWoo
72%
KARD | NMIXX Jiwoo
72%
SEVENTEEN Joshua
72%
SEVENTEEN Mingyu
72%
(G)I-DLE Miyeon
72%
SEVENTEEN The 8
72%
IVE Liz
71%
SHINee Taemin
71%
BABYMONSTER Asa
70%
NewJeans Haerin
70%
P1Harmony Keeho
70%
IVE Rei
70%
Red Velvet Yeri
70%
ATEEZ Mingi
69%
ASTRO MoonBin
69%
KISSOFLIFE Natty
69%
SEVENTEEN Seungkwan
69%
NewJeans Hyein
68%
KISSOFLIFE Julie
68%
SEVENTEEN Wonwoo
68%
BABYMONSTER Ahyeon
67%
KISSOFLIFE Belle
67%
BOYNEXTDOOR | NCT 127, DoJaeJung Jaehyun
67%
ILLIT Wonhee
67%
ATEEZ Wooyoung
67%
SHINee Key
66%
IVE Gaeul
65%
GOT7 Jackson
65%
IVE Leeseo
65%
SHINee Minho
65%
Big Bang Taeyang
65%
BABYMONSTER Chiquita
64%
ASTRO Eunwoo
64%
ILLIT | IZ*ONE Minju
64%
SEVENTEEN Jeonghan
63%
ATEEZ Jongho
63%
GOT7 BamBam
62%
ILLIT Moka
62%
ZeroBaseOne Ricky
62%
ATEEZ SeongHwa
62%
P1Harmony Soul
62%
ATEEZ Hongjoong
61%
ILLIT Iroha
61%
SF9 Yoo
61%
ATEEZ Yunho
61%
NMIXX Haewon
60%
NMIXX Sullyoon
60%
ATEEZ Yeosang
60%
NCT 127 Johnny
59%
BABYMONSTER Ruka
59%
2NE1 CL
58%
KISSOFLIFE Haneul
58%
SHINee Jonghyun
58%
BABYMONSTER Pharita
58%
WayV Ten
58%
Solo (Ex LOONA) Chuu
57%
Big Bang Daesung
57%
NCT 127, DoJaeJung | Treasure, T5 Doyoung
57%
Fromis_9 Jisun
57%
DREAMCATCHER JiU
57%
SHINee Onew
57%
BABYMONSTER Rami
57%
NCT 127 Taeyong
57%
P1Harmony Intak
56%
NMIXX Kyujin
56%
TheBoyz Q
56%
NOWADAYS | StayC | Winner Yoon
56%
EXO Baekhyun
55%
KARD BM
55%
TripleS, +(KR)ystal Eyes,ACID EYES, EVOlution, Aria ChaeYeon
55%
IZ*ONE Chaeyeon
55%
NCT 127, Dream Haechan
55%
NCT Dream Jaemin
55%
P1Harmony Theo
55%
ILLIT Yunah
55%
EVNNE | ZeroBaseOne Hanbin
54%
NCT 127 Taeil
54%
SNSD Taeyeon
54%
WayV Winwin
54%
IZ*ONE | SNSD Yuri
54%
NCT 127 Yuta
54%
NCT Dream Chenle
53%
NEXZ Haru
53%
YOUNG POSSE Jieun
53%
NCT Dream Jisung
53%
ZeroBaseOne Matthew
53%
BABYMONSTER Rora
53%
RIIZE Shotaro
53%
NCT 127, DoJaeJung Jungwoo
52%
RIIZE Wonbin
52%
RIIZE Anton
51%
NCT Dream Jeno
51%
EXO Suho
51%
EXO Chanyeol
50%
P1Harmony Jongseob
50%
WayV YangYang
50%
ZeroBaseOne Zhang Hao
50%
TheBoyz Eric
49%
P1Harmony Jiung
49%
WayV Hendery
48%
WayV Kun
48%
NCT Dream Renjun
48%
EXO Sehun
48%
RIIZE Seunghan
48%
WayV Xiaojun
48%
EXO Xiumin
48%
IZ*ONE Yena
48%
2NE1 Bom
47%
RIIZE Sungchan
47%
IZ*ONE Eunbi
46%
ZeroBaseOne Gyuvin
46%
MONSTA X I.M
46%
SNSD Tiffany
46%
RIIZE Sohee
45%
SNSD Yoona
44%
Solo (Ex LOONA) Yves
44%
ZeroBaseOne Gunwook
43%
ZeroBaseOne Jiwoong
43%
TheBoyz Kevin
43%
BOYNEXTDOOR Leehan
43%
EVERGLOW Mia
43%
BILLLIE Moon Sua
43%
StayC | Xikers Seeun
43%
ZeroBaseOne TaeRae
43%
GOT7 | TWS Youngjae
43%
IKON Bobby
42%
GOT7 Jinyoung
42%
BTOB | MONSTA X Minhyuk
42%
TheBoyz Sunwoo
42%
BOYNEXTDOOR Taesan
42%
Treasure Haruto
41%
GOT7 Jay B
41%
EVNNE Jihoo
41%
StayC Sieun
41%
StayC Isa
40%
BOYNEXTDOOR Riwoo
40%
ASTRO Sanha
40%
Viviz SinB
40%
StayC | Xikers Sumin
40%
SNSD Sunny
40%
BILLLIE Tsuki
40%
Treasure Yoshi
40%
GOT7 Yugyeom
40%
EVERGLOW Aisha
39%
Viviz Eunha
39%
TWS | Treasure, T5 Jihoon
39%
ASTRO JinJin
39%
ASTRO MJ
39%
NCT WISH Sakuya
39%
IZ*ONE Hitomi
38%
TheBoyz Jacob
38%
Odd Eye Circle, ARTMS (Ex LOONA) Kim Lip
38%
&TEAM Maki
38%
NCT WISH | NiziU Riku
38%
MONSTA X Shownu
38%
DREAMCATCHER SuA
38%
BOYNEXTDOOR Woonhak
38%
DREAMCATCHER Dami
37%
KARD J.Seph
37%
IZ*ONE Nako
37%
&TEAM Taki
37%
Viviz Umji
37%
2NE1 Dara
36%
RIIZE Eunseok
36%
PENTAGON Hui
36%
SNSD Hyoyeon
36%
TheBoyz New
36%
EVERGLOW Onda
36%
KARD Somin
36%
Treasure Asahi
35%
BTOB Peniel
35%
Day6 Wonpil
35%
EVERGLOW Yiren
35%
NCT WISH Ryo
34%
GHOST 9 Shin
34%
NCT WISH Sion
34%
Day6 Young K
34%
Odd Eye Circle, ARTMS (Ex LOONA) Choerry
33%
IZ*ONE Hyewon
33%
MONSTA X Hyungwon
33%
Treasure Hyunsuk
33%
MONSTA X Joohoney
33%
&TEAM Nicholas
33%
Loossemble (Ex LOONA) ViVi
33%
Odd Eye Circle, ARTMS(Ex LOONA) Heejin
32%
TheBoyz Juyeon
32%
MONSTA X Kihyun
32%
NCT WISH Yushi
32%
SNSD Sooyoung
31%
&TEAM Ej
30%
TheBoyz Hyunjae
30%
NCT WISH Jaehee
30%
VIXX Ken
30%
EVERGLOW Sihyeon
30%
&TEAM Fuma
29%
Loossemble (Ex LOONA) Go Won
29%
ARTMS (Ex LOONA) Haseul
29%
Odd Eye Circle, ARTMS (Ex LOONA) Jinsoul
29%
Winner Mino
29%
TheBoyz Sangyeon
29%
SNSD Seohyun
29%
TheBoyz Younghoon
29%
&TEAM Harua
28%
TWS Shinyu
28%
DREAMCATCHER Siyeon
28%
Loossemble (Ex LOONA) Yeojin
28%
NEXZ | PURPLE KISS Yuki
28%
BTOB Eunkwang
27%
XdinaryHeroes O.de
27%
IKON Song
27%
&TEAM Yuma
27%
TWS Dohoon
26%
Day6 Dowoon
26%
XdinaryHeroes Gaon
26%
Loossemble (Ex LOONA) HyeJu
26%
Fromis_9 Jiwon
26%
TheBoyz Ju Haknyeon
26%
AB6IX Daehwi
25%
Treasure Jeongwoo
25%
XdinaryHeroes Jooyeon
25%
IKON June
25%
Treasure, T5 Junkyu
25%
TWS Kyungmin
25%
Fromis_9 | TripleS, +(KR)ystal Eyes,ACID EYES, LOVElution Seoyeon
25%
DREAMCATCHER Gahyeon
24%
XdinaryHeroes Gunil
24%
DREAMCATCHER Handong
24%
Treasure, T5 Junghwan
24%
RESCENE May
24%
BTOB Sungjae
24%
BTOB Changsub
23%
Xikers Hunter
23%
Treasure, T5 Jaehyuk
23%
PURPLE KISS Swan
23%
XdinaryHeroes Jun Han
22%
Fromis_9 Saerom
22%
CRAVITY Taeyoung
22%
AB6IX | GHOST 9 Woojin
22%
DREAMCATCHER YooHyeon
22%
SF9 Chani
21%
TWS Hanjin
21%
BTOB Hyunsik
21%
Fromis_9 Jiheon
21%
PENTAGON Kino
21%
VIXX Leo
21%
Xikers Minjae
21%
CRAVITY Serim
21%
CRAVITY Allen
20%
Fromis_9 Hayoung
20%
TR.IBE Jia
20%
XdinaryHeroes Jungsu
20%
Fromis_9 Nagyung
20%
PENTAGON Wooseok
20%
Xikers Yechan
20%
PENTAGON Yuto
20%
BILLLIE Haram
19%
TripleS, AAA, ACID EYES, LOVElution HyeRin
19%
EVNNE Keita
19%
CRAVITY Minhee
19%
CRAVITY Seongmin
19%
VIXX Hyuk
18%
Winner Jinu
18%
TripleS, EVOlution Mayu
18%
ONEUS Xion
18%
PURPLE KISS Chaein
17%
PURPLE KISS Dosie
17%
PURPLE KISS Goeun
17%
Winner Hoony
17%
PENTAGON Jinho
17%
ONEUS Leedo
17%
TripleS, AAA, ACID EYES, EVOlution NaKyoung
17%
GHOST 9 Prince
17%
TripleS, +(KR)ystal Eyes,ACID EYES, EVOlution Soomin
17%
TripleS, LOVElution Xinyu
17%
PENTAGON Yanan
17%
BILLLIE Haruna
16%
ONEUS Hwanwoong
16%
CRAVITY Hyeongjun
16%
PURPLE KISS Ireh
16%
TripleS, LOVElution SoHyun
16%
BILLLIE Suhyeon
16%
NEXZ Tomoya
16%
CRAVITY Woobin
16%
TripleS, AAA, ACID EYES, EVOlution YooYeon
16%
SF9 Zuho
16%
SF9 Dawon
15%
PENTAGON Hongseok
15%
Xikers Hyunwoo
15%
Xikers Jinsik
15%
TripleS, Glow JiYeon
15%
CRAVITY Jungmo
15%
Xikers Junmin
15%
TripleS, EVOlution Kotone
15%
NiziU Nina
15%
ONEUS Seoho
15%
BILLLIE Sheon
15%
BILLLIE Siyoon
15%
TripleS, EVOlution YeonJi
15%
PENTAGON Yeo One
15%
TripleS, AAA, ACID EYES, LOVElution YuBin
15%
Xikers Yujun
15%
YOUNG POSSE Doeun
14%
SF9 Hwiyoung
14%
SF9 Inseong
14%
Xikers Junghoon
14%
TripleS, LOVElution, Aria Kaede
14%
ONEUS Keonhee
14%
TripleS, NXT Lynn
14%
TripleS, LOVElution, Aria Nien
14%
TripleS, NXT ShiOn
14%
TripleS, Glow Sullin
14%
CRAVITY Wonjin
14%
BLITZERS Chris
13%
TripleS, NXT HaYeon
13%
TripleS, NXT JooBin
13%
NiziU Rio
13%
TripleS, Glow SeoAh
13%
VICTON Seungwoo
13%
PENTAGON Shinwon
13%
AB6IX Woong
13%
SF9 Youngbin
13%
EVNNE Junghyun
12%
NiziU Mako
12%
NiziU Maya
12%
NEXZ Seita
12%
EVNNE Seungeon
12%
EVNNE Yunseo
12%
Kingdom Arthur
11%
AB6IX Donghyun
11%
VICTON Hanse
11%
NEXZ Hyui
11%
SF9 Jaeyoon
11%
YOUNG POSSE Jiana
11%
NiziU Miihi
11%
YOUNG POSSE Sunhye
11%
NiziU Ayaka
10%
VICTON Byungchan
10%
Kingdom Dann
10%
TR.IBE Hyunbin
10%
GHOST 9 Jinwoo
10%
TR.IBE Kelly
10%
Kingdom Louis
10%
NiziU Mayuka
10%
NiziU Rima
10%
VICTON Subin
10%
RESCENE Woni
10%
YOUNG POSSE Yeonjung
10%
Kingdom Ivan
9%
RESCENE Liv
9%
RESCENE Minami
9%
TR.IBE Mire
9%
VICTON Sejun
9%
NEXZ SoGeon
9%
TR.IBE Songsun
9%
RESCENE Zena
9%
BLITZERS Jinhwa
8%
Kingdom Mujin
8%
E'LAST Rano
8%
VICTON Seungsik
8%
NOWADAYS Siyun
8%
E'LAST Yejun
8%
NOWADAYS Hyeonbin
7%
Kingdom Jahan
7%
NOWADAYS Jinhyuk
7%
BLITZERS Juhan
7%
E'LAST Romin
7%
E'LAST Wonhyuk
7%
E'LAST Wonjun
7%
NOWADAYS Yeonwoo
7%
Kingdom Hwon
6%
BLITZERS Lutan
6%
E'LAST Seungyeop
6%
BLITZERS Sya
6%
BLITZERS Wooju
6%
GHOST 9 Junhyung
5%
GHOST 9 Junseong
5%
GHOST 9 Kangsung
5%
E'LAST Cho In
3%
E'LAST Baekhyeul
1%
No matching quizzes found
Score Distribution
Percent of People with Each Score
Percentile by Number Answered
Your Score History
You have not taken this quiz